000 00198nam a22000857a 4500
008 161219b xxu||||| |||| 00| 0 eng d
100 _92119
_aKarla ,V
245 _aPragya
260 _aNew Delhi
_bArya
_c1999
999 _c5002
_d5002